Records of bats rodents from Venezuela (Registro nro. 10336)
[ vista simple ]
| 000 -CABECERA | |
|---|---|
| Campo de control | 008240000a22002650004500 |
| 090 ## - CLASIFICACIÓN LOCAL | |
| Colección | AR |
| Consecutivo | 01251 |
| 041 0# - IDIOMA | |
| Código de idioma para texto/pista de sonido o título separado | |
| 100 1# - ASIENTO PRINCIPAL--NOMBRE PERSONAL | |
| Nombre personal | Ochoa G., José |
| 245 10 - MENCION DE TITULO | |
| Título | Records of bats rodents from Venezuela |
| 650 14 - ASIENTO SECUNDARIO DE MATERIA - TERMINO TEMATICO | |
| Término temático o nombre geográfico como elemento de entrada | Murciélagos |
| 650 14 - ASIENTO SECUNDARIO DE MATERIA - TERMINO TEMATICO | |
| Término temático o nombre geográfico como elemento de entrada | Roedores |
| 650 14 - ASIENTO SECUNDARIO DE MATERIA - TERMINO TEMATICO | |
| Término temático o nombre geográfico como elemento de entrada | Taxonomía animal |
| 650 14 - ASIENTO SECUNDARIO DE MATERIA - TERMINO TEMATICO | |
| Término temático o nombre geográfico como elemento de entrada | Morfología animal |
| 651 #4 - ASIENTO SECUNDARIO DE MATERIA - NOMBRE GEOGRAFICO | |
| -- | Venezuela |
| 653 ## - TERMINO DE INDIZACION - NO CONTROLADO | |
| -- | Diclidurus |
| -- | Diclidurus ingens |
| 653 ## - TERMINO DE INDIZACION - NO CONTROLADO | |
| -- | Pteronotus |
| -- | Pteronotus gymnonotus |
| 653 ## - TERMINO DE INDIZACION - NO CONTROLADO | |
| -- | Tonatia |
| -- | Tonatia carrikeri |
| 653 ## - TERMINO DE INDIZACION - NO CONTROLADO | |
| -- | Nyctinomops |
| -- | Nyctinomops macrotis |
| 653 ## - TERMINO DE INDIZACION - NO CONTROLADO | |
| -- | Oryzomis |
| -- | Oryzomis yunganus |
| 653 ## - TERMINO DE INDIZACION - NO CONTROLADO | |
| -- | Ichthyomys |
| -- | Ichthyomys pittieri |
| 700 1# - ASIENTO SECUNDARIO - NOMBRE PERSONAL | |
| Nombre personal | Ibáñez Ulargui, Carlos |
| 700 1# - ASIENTO SECUNDARIO - NOMBRE PERSONAL | |
| Nombre personal | Castellanos, H. |
| 773 1# - Item fuente: | |
| Título | Mammalia |
| Especificación de materiales | 204 |
| Descripción física | 2 |
| Paginas del Articulo | 175-180 |
| Lugar, editorial y fecha de publicación | 1988 |
| Información sobre la relación | 52 |
| 942 ## - ELEMENTOS ADICIONALES (KOHA) | |
| Tipo de ítem | Artículo |
| Withdrawn status | Lost status | Damaged status | No para préstamo | Colección | Ubicación Permanente | Ubicación actual | Fecha de adquisición | Fuente de Valor | Datos de publicación Seriada | Total Checkouts | Número topográfico | Inventario / Código de Barras | Date last seen | Ejemplar | Price effective from | Forma de adquisición | Tipo de material |
|---|---|---|---|---|---|---|---|---|---|---|---|---|---|---|---|---|---|
| No para Préstamo | Hemeroteca | Bogotá | Bogotá | 27/02/2015 | Muñoz Saba, Yaneth | Fuera de circulación | AR 01251 | 011579 | 25/03/2015 | 1 | 25/03/2015 | Artículo |